000 01554 a2200193 4500
020 _a0070533520 (hardcover)
020 _a9780070533523 (hardcover)
082 0 4 _a658.32
090 _c5056
_d5056
100 1 _aRock, Milton L.
245 1 4 _aThe compensation handbook :
_ba state-of-the art guide to compensation strategy and design /
_cMilton L. Rock, Lance A. Berger.
250 _a3 Sub ed.
260 _a[S.l.] :
_bMcgraw-Hill (Tx),
_c1991.
300 _a704 p. ;
_c24 cm.
520 _aBring your company's compensation program into the '90s. Need to make informed decisions on new compensation programs that can meet your needs today and tomorrow? Consult the new Third Edition of the "bible" in the field-The Compensation Handbook: A State-of-the-Art Guide to Compensation Strategy and Design. Packed with proven strategies from over 40 experts, this totally updated guide shows you how to: determine affordable, appropriate pay scales; reward-and retain-key people; measure the unmeasurable-what engineers, R&D people, and executives do; evaluate employees expectations and boost corporate morale; build a cost-effective reward, evaluation, and benefits structure; develop nontraditional or contingency-based compensation; use computers to improve the way you document, evaluate, price, budget, and plan jobs; develop realistic pay-for-performance and productivity measurement systems.
700 1 _aBerger, Lance A.
856 4 0 _3Amazon.com
_uhttp://www.amazon.com/exec/obidos/ASIN/0070533520/chopaconline-20
942 _aNBS
_cBK
_k658.32 COM
999 _c347480
_d347480